Statystyki dla Dzielnice Żor

Kliknij tutaj aby rozwiązać quiz!

Ogólne statystyki

  • Ten quiz został rozwiązany 46 razy
  • Średni wynik to 8 z 15

Statystyki odpowiedzi

LudnośćDzielnica lub osiedle% Poprawnych
2191kleszczów
74%
2369baranowice
70%
4490rój
70%
3134rogoźna
65%
2384śródmieście
61%
3391kleszczówka
57%
1564osiny
52%
4138osiedle korfantego
48%
8248osiedle sikorskiego
48%
6042osiedle pawlikowskiego
43%
2878osiedle 700-lecia
39%
5023osiedle powstańców śląskich
39%
4159zachód
39%
2670rowień-folwarki
35%
6193osiedle księdza władysława
13%

Rozkład punktacji

Percentyl według liczby udzielonych odpowiedzi

Procent ludzi z każdym wynikiem

Twoja historia wyników

Nie rozwiązałeś tego quizu